| 000 | 00338nam a2200133Ia 4500 | ||
|---|---|---|---|
| 008 | 220204s9999 xx 000 0 und d | ||
| 082 |
_a581 _bHUF |
||
| 100 | _aHUFFORD, Terry L | ||
| 245 | 0 | _aBotany: Basic concepts in plant biology | |
| 260 |
_aNew York _bHarper _c1978 |
||
| 650 | _aPlant cell | ||
| 650 | _aPlant taxonomy | ||
| 942 | _cBK | ||
| 999 |
_c27760 _d27760 |
||